Lataa...

Politics in India /

Bibliografiset tiedot
Päätekijä: Rajni Kothari
Aineistotyyppi: Printed Book
Kieli:English
Julkaistu: Hyderabad: Orient Blackswan, 2009.
Aiheet:
LEADER 00566nam a2200181Ia 4500
008 150624b xxu||||| |||| 00| 0 eng d
020 |a 8125000720 
020 |a 8125000720 
082 |a 320.0954 
100 |a Rajni Kothari 
245 |a Politics in India /  |c Rajni Kothari 
260 |a Hyderabad:  |b Orient Blackswan,  |c 2009. 
300 |a 470 p. 
653 |a India 
653 |a Politics 
942 |c BK 
999 |c 58862  |d 58862 
952 |0 0  |1 0  |4 0  |6 320_095400000000000_KOT_P  |7 0  |9 58839  |a UL  |b UL  |c ST1  |d 2012-10-27  |l 15  |m 2  |o 320.0954 KOT/P  |p 84684  |r 2019-12-22  |s 2019-10-20  |w 2012-10-27  |y BK